<?xml version='1.0' encoding='UTF-8'?>
  <record xmlns="http://www.loc.gov/MARC21/slim">
    <leader>00000cam a2200000 i 4500</leader>
    <controlfield tag="001">ocm67927699</controlfield>
    <controlfield tag="003">OCoLC</controlfield>
    <controlfield tag="005">20250107151715.2</controlfield>
    <controlfield tag="008">990122s1596    gw a          000 0 ger d</controlfield>
    <datafield tag="040" ind1=" " ind2=" ">
      <subfield code="a">NLGGC</subfield>
      <subfield code="b">eng</subfield>
      <subfield code="e">rda</subfield>
      <subfield code="e">dcrmr</subfield>
      <subfield code="c">NLGGC</subfield>
      <subfield code="d">QGJ</subfield>
      <subfield code="d">OCLCQ</subfield>
    </datafield>
    <datafield tag="029" ind1="0" ind2=" ">
      <subfield code="a">NLGGC</subfield>
      <subfield code="b">177074337</subfield>
    </datafield>
    <datafield tag="035" ind1=" " ind2=" ">
      <subfield code="a">(OCoLC)67927699</subfield>
    </datafield>
    <datafield tag="245" ind1="0" ind2="0">
      <subfield code="a">Hortulus corporis, Das ist: Artzgarten, fast zu allen Bresten dess gantzen Menschlichen Leibs, innerlich vnd eusserlich, gantz edle, bewehrte, heilsame vnd notwendige Stück vnd Experimenten, /</subfield>
      <subfield code="c">Etwan durch eine hohe Fürstliche Person also verfasset,  ; Nachmals durch den wolgelahrten H. VVendelinum von Helbach, zusammen getragen, vnd fleissig verzeichnet: ; Jetzund aber durch einen besondern Liebhaber der Artzney, auss geschriebenen Büchern gemehrt, vnd auff etlicher guthertzigen begeren in Druck verfertiget, Sampt etlichen herrlichen Antidotis wider die böse Plag der Pestilentz, dreyer Hochgelehrten Doctorn der Artzney.</subfield>
    </datafield>
    <datafield tag="246" ind1="3" ind2=" ">
      <subfield code="a">Hortvlvs corporis</subfield>
    </datafield>
    <datafield tag="246" ind1="3" ind2="0">
      <subfield code="a">Artzgarten, fast zu allen Bresten dess gantzen Menschlichen Leibs, innerlich vnd eusserlich, gantz edle, bewehrte, heilsame vnd notwendige Stück vnd Experimenten</subfield>
    </datafield>
    <datafield tag="264" ind1=" " ind2="1">
      <subfield code="a">Gedruckt zu Franckfort am Mayn, :</subfield>
      <subfield code="b">durch Nicolaum Bassaeum.,</subfield>
      <subfield code="c">M. D. XCVI. [1596]</subfield>
    </datafield>
    <datafield tag="300" ind1=" " ind2=" ">
      <subfield code="a">[16], 578, [12] pages :</subfield>
      <subfield code="b">illustration (woodcut);</subfield>
      <subfield code="c">16 cm (8vo)</subfield>
    </datafield>
    <datafield tag="336" ind1=" " ind2=" ">
      <subfield code="a">text</subfield>
      <subfield code="b">txt</subfield>
      <subfield code="2">rdacontent</subfield>
    </datafield>
    <datafield tag="337" ind1=" " ind2=" ">
      <subfield code="a">unmediated</subfield>
      <subfield code="b">n</subfield>
      <subfield code="2">rdamedia</subfield>
    </datafield>
    <datafield tag="338" ind1=" " ind2=" ">
      <subfield code="a">volume</subfield>
      <subfield code="b">nc</subfield>
      <subfield code="2">rdacarrier</subfield>
    </datafield>
    <datafield tag="340" ind1=" " ind2=" ">
      <subfield code="m">8vo</subfield>
      <subfield code="2">rdabf</subfield>
    </datafield>
    <datafield tag="500" ind1=" " ind2=" ">
      <subfield code="a">Title page printed in black and red.</subfield>
    </datafield>
    <datafield tag="500" ind1=" " ind2=" ">
      <subfield code="a">Colophon: Getruckt zu Franckfort am Mayn, durch Nicolaum Bassaeum. M. D. XCVI.</subfield>
    </datafield>
    <datafield tag="500" ind1=" " ind2=" ">
      <subfield code="a">Printer's device in colophon, with slogan: Fronte capillata est post haec occasio calva.</subfield>
    </datafield>
    <datafield tag="500" ind1=" " ind2=" ">
      <subfield code="a">Initials, printed marginalia.</subfield>
    </datafield>
    <datafield tag="500" ind1=" " ind2=" ">
      <subfield code="a">Signatures: )?(⁸ A-Z⁸ Aa-Oo⁸; )?(1v, and Oo8 are blank.</subfield>
    </datafield>
    <datafield tag="510" ind1="4" ind2=" ">
      <subfield code="a">Verzeichnis der im deutschen Sprachbereich erschienenen Drucke des 16. Jahrhunderts (VD 16),</subfield>
      <subfield code="c">H 1547</subfield>
      <subfield code="u">https://gateway-bayern.de/VD16+H+1547</subfield>
    </datafield>
    <datafield tag="650" ind1=" " ind2="0">
      <subfield code="a">Medicine</subfield>
      <subfield code="v">Early works to 1800.</subfield>
    </datafield>
    <datafield tag="650" ind1=" " ind2="6">
      <subfield code="a">Médecine</subfield>
      <subfield code="v">Ouvrages avant 1800.</subfield>
    </datafield>
    <datafield tag="650" ind1=" " ind2="7">
      <subfield code="a">Medicine</subfield>
      <subfield code="2">fast</subfield>
    </datafield>
    <datafield tag="655" ind1=" " ind2="7">
      <subfield code="a">Early works</subfield>
      <subfield code="2">fast</subfield>
    </datafield>
    <datafield tag="700" ind1="1" ind2=" ">
      <subfield code="a">Helbach, Wendelin,</subfield>
      <subfield code="d">active 1571-1595,</subfield>
      <subfield code="e">editor.</subfield>
      <subfield code="4">edt</subfield>
    </datafield>
    <datafield tag="700" ind1="1" ind2=" ">
      <subfield code="a">Bassée, Nicolas,</subfield>
      <subfield code="d">-1601,</subfield>
      <subfield code="e">printer.</subfield>
      <subfield code="4">prt</subfield>
    </datafield>
    <datafield tag="752" ind1=" " ind2=" ">
      <subfield code="a">Germany</subfield>
      <subfield code="d">Frankfurt am Main,</subfield>
      <subfield code="e">publication place.</subfield>
      <subfield code="4">pup</subfield>
    </datafield>
    <datafield tag="936" ind1=" " ind2=" ">
      <subfield code="a">BATCHLOAD</subfield>
    </datafield>
  </record>